| 000 | 00450nam a2200193Ia 4500 | ||
|---|---|---|---|
| 008 | 210210b1967 xxu||||| |||| 00| 0 eng d | ||
| 041 | _aeng | ||
| 082 | _a657.42 BASC | ||
| 100 | _aBASU (M L) | ||
| 245 | _aCost accounting simplified | ||
| 250 | _a | ||
| 260 |
_aCalcutta. _bNababharat Publishers, _c1967 |
||
| 300 | _ax,693 | ||
| 650 | _asimplified | ||
| 650 | _aCost | ||
| 650 | _aaccounting | ||
| 690 | _aCost Accounting | ||
| 906 | _a028100 | ||
| 999 |
_c79361 _d79361 |
||